INVITATION TO SOCIAL RESEARCH HOW IT S D (Record no. 24156)

MARC details
000 -LEADER
fixed length control field 00399nam a2200145Ia 4500
008 - FIXED-LENGTH DATA ELEMENTS--GENERAL INFORMATION
fixed length control field 240624s9999 xx 000 0 und d
041 ## - LANGUAGE CODE
Language code of text/sound track or separate title eng
082 ## - DEWEY DECIMAL CLASSIFICATION NUMBER
Classification number 300.72 ADL
100 ## - MAIN ENTRY--PERSONAL NAME
Personal name ADLER EMILY STIER
245 ## - TITLE STATEMENT
Title INVITATION TO SOCIAL RESEARCH HOW IT S D
250 ## - EDITION STATEMENT
Edition statement (4th ed.)
260 ## - PUBLICATION, DISTRIBUTION, ETC.
Date of publication, distribution, etc. 2011
Place of publication, distribution, etc. Australia
Name of publisher, distributor, etc. Wadsworth Cengage Learning
300 ## - PHYSICAL DESCRIPTION
Extent xix, : 516 : p. : cm. ; 23
365 ## - TRADE PRICE
Currency code GBP
Price amount 25
Holdings
Withdrawn status Lost status Damaged status Not for loan Home library Current library Shelving location Date acquired Source of acquisition Cost, normal purchase price Full call number Barcode Date last seen Copy number Price effective from Koha item type
        IMTN IMTN Rack 4-A 05/11/2015 RW 57.99 300.72 ADL 24156 06/24/2024 98.9 06/24/2024 Books
Designed & Maintained by: LRC IMT Nagpur Contact: lrc@imtnag.ac.in© 2024. All Rights Reserved.